02011nam a2200241Ia 4500001000600000003000900006008004100015040001300056040001300069041001300082100002400095100002900119245005300148245005300201250001100254260001100265260001100276260004900287300005700336500131200393650003301705650003101738G1921IT-RoPAU130308s9999 xx 000 0 und d aIT-RoPAU cIT-RoPAU aFRANCESE aCheval Jean-Jacques gCodice Aut. SPICS: 37153 aRadios en France (Les): histoire, etat et enjeux bRadios En France (Les): Histoire, Etat et Enjeux a1a ed. aRENNES bApogee c1997 [1° Ed.:1997 - Ed.Ling.Originale:1997] a"254 p. (prefazione: no ; testo: 254 [pagine: 0-0])" aRadio in Francia: Storia e Situazione Attuale. Genesi e Formazione della Radiodiffusione Francese: invenzioni della Radiodiffusione, Esordi e Affermazione della Radiodiffusione: Sviluppo della Radio e Modelli Staunitensi e Britannici, immaginari e Usi della Radio, Guerra delle Onde e Consacrazione della Radio, Apogeo e riorganizzazione della Radiodiffusione: innovazioni Tecniche e di Utenza, Dalla Rdf a Radio France, Radio Periferiche, Radio libere e Radio locali Private: basi di un Movimento radiofonico Alternativo, prime Radio libere in Francia, Autorizzazione delle Radio libere e prime Inflessioni (1981 1986), logiche della Normalizzazione. Sistema radiofonico Francese: Csa (Consiglio superiore dell'Audiovisivo) e regolazione della Radiodiffusione Francese, Attribuzioni e Poteri del Csa, legge Carignon del 1 Febbraio 1994, Componenti e strategie della Regolazione. Economie e strutture della Radiodiffusione Francese: mercato pubblicitario radiofonico e settore Privato commerciale e Associativo, settore Pubblico. Offerta Radiofonica: schemi dell'offerta di Programmi, Problema delle Quote Musicali, Interattività Radiofonica. Audience della Radio in Francia: Analisi e Valutazione,Tendenze recenti degli Ascolti. nuove Frontiere della Radio. nuove prospettive Tecnologiche. Bibliografia. aSTORIA NAZIONALE DELLA RADIO eCodice materia Spics: 6909